Statystyki dla Policz w cyfrach rzymskich - 30 sekundowy sprint

Kliknij tutaj aby rozwiązać quiz!

Ogólne statystyki

  • Ten quiz został rozwiązany 198 razy
  • Średni wynik to 17 z 50

Statystyki odpowiedzi

#% Poprawnych
I
100%
II
99%
III
98%
IV
95%
V
95%
VI
95%
VII
94%
VIII
93%
IX
87%
X
86%
XI
83%
XII
83%
XIII
82%
XIV
67%
XV
64%
XVI
62%
XVII
58%
XVIII
53%
XIX
43%
XX
38%
XXI
33%
XXII
31%
XXIII
26%
XXIV
14%
XXV
12%
XXVI
9%
XXVII
4%
XXVIII
3%
L
1%
XXIX
1%
XXX
1%
XXXI
1%
XXXII
1%
XXXIII
1%
XXXIV
1%
XXXV
1%
XL
0%
XLI
0%
XLII
0%
XLIII
0%
XLIV
0%
XLIX
0%
XLV
0%
XLVI
0%
XLVII
0%
XLVIII
0%
XXXIX
0%
XXXVI
0%
XXXVII
0%
XXXVIII
0%

Rozkład punktacji

Percentyl według liczby udzielonych odpowiedzi

Procent ludzi z każdym wynikiem

Twoja historia wyników

Nie rozwiązałeś tego quizu